| 000 | 00714nam a2200229 i 4500 | ||
|---|---|---|---|
| 001 | 7696 | ||
| 003 | ES-MaACL | ||
| 005 | 20230906145308.0 | ||
| 007 | t| | ||
| 008 | 910323s1991 sp ||||1| spa d | ||
| 020 | _a84-368-0563-1 (O.C.) | ||
| 080 | _a657 | ||
| 100 | 1 |
_aBuireu Guarro, Jorge. _932462 |
|
| 245 | 1 | 0 |
_aManual de contabilidad _b: nuevo Plan General / _cJorge Buireu Guarro, Susana Buireu Buades. |
| 260 |
_aMadrid : _bPiramide, _cD.L. 1991. |
||
| 300 |
_a2 v. ; _c24 cm. |
||
| 500 | _aIndice analitico. | ||
| 650 | 1 | 4 |
_aContabilidad- _zEspaƱa. _911308 |
| 700 | 1 |
_aBuireu Buades, Susana. _932461 |
|
| 740 | 0 | _aPlan general de contabilidad. | |
| 852 |
_aES-MaACL _jL-14984-85 _bR.119372 _z. - rust. |
||
| 999 |
_c7696 _d7696 |
||